000 01173nam a22003257a 4500
003 CHAP
005 20220329135924.0
008 971013s1984 r 00010 d
010 _a44155
011 _a45127
035 _a49266
040 _cCHAP
082 _a630.72
_bI52vy 1984
110 _aINIA. México. Campo Agrícola Experimental Valle del Yaqui
_958534
245 _aGuía para la asistencia técnica agrícola
_b: área de influencia del Campo Agrícola...
250 _a2 ed.
260 _aCd. Obregón, Son. :
_bEl Instituto,
_c1984
300 _a163 p.
_b: ilus.
590 _aBATCH-UPD
_b10
_c20130110
_lUCH01
_h1016
590 _aBATCH-UPD
_b10
_c20130410
_lUCH01
_h0623
590 _aBATCH-UPD
_b10
_c20130913
_lUCH01
_h2119
590 _aCONVERSION
_b10
_c20130109
_lUCH01
_h1324
650 1 4 _aAgricultura
_xInvestigación
_xSonora.
_91676
650 1 4 _aAgricultura
_xSonora.
_91824
901 _aBK
942 _cLIBRO
949 _a630.72 I52vy 1984
_bBC
_cC
_d-111206
_eC
_fc.2
_h63025
_i49266
_mD
_si
949 _a630.72 I52vy 1984
_bBC
_cC
_d33724000563201
_eC
_fc.3
_h62781
_i49266
_si
949 _a630.72 I52vy 1984
_bBC
_cC
_d33724000563219
_eC
_h61781
_i49266
_mD
_si
999 _c44155
_d44155